000 00287nam a22001337a 4500
008 170527b xxu||||| |||| 00| 0 eng d
020 _a9780071629102
041 _aeng
080 _a626
100 _a27
101 _aIM
245 _aAERO-HYDRODYNAMICS
_cFOSSATI, F
942 _2udc
_cBK
999 _c14645
_d14645